|
|
|
|
| LEADER |
00945pam a22002778a 4500 |
| 001 |
00027448 |
| 005 |
20171026081023.0 |
| 008 |
111114s2011 ||||||Viesd |
| 041 |
0 |
# |
|a Vie
|
| 082 |
1 |
# |
|a 390.095 973 2
|b V115NGH
|
| 245 |
0 |
0 |
|a Văn nghệ dân gian Hà Tây
|c Dương Kiều Minh...[và nh. ng.khác]
|
| 260 |
# |
# |
|a Hà Nội
|b Văn hóa dân tộc
|c 2011
|
| 300 |
# |
# |
|a 847 tr.
|c 21 cm.
|
| 500 |
# |
# |
|a ĐTTS ghi: Hội văn nghệ dân gian Việt Nam
|
| 650 |
# |
4 |
|a Văn hóa dân gian
|z Hà Tây
|z Việt Nam
|
| 653 |
# |
# |
|a Hà tây
|
| 653 |
# |
# |
|a Văn nghệ dân gian
|
| 700 |
1 |
# |
|a Dương, Kiều Minh
|
| 710 |
2 |
# |
|a Hội Văn nghệ dân gian Việt Nam
|
| 852 |
# |
# |
|b Kho đọc
|j KD.0011971
|
| 852 |
# |
# |
|j KD.0011971
|
| 910 |
# |
# |
|a Ntuyet
|d 14/11/2011
|
| 980 |
# |
# |
|a Trung tâm Học liệu Lê Vũ Hùng, Trường Đại học Đồng Tháp
|